name a beabadoobee song for every letter - Statistics

General Stats
  • This quiz has been taken 48 times
  • The average score is 14 of 26
Answer Stats
Hint Answer % Correct
C care/ceilings/Charlie Brown/coffee/cologne/cyberkiss 2 u/california
91%
B back to Mars/beatopia cultsong/Bobby/broken cd/beaches/burden
88%
J N/A
88%
K N/A
88%
V N/A
88%
X N/A
88%
Z N/A
88%
T take a bite/talk/the moon song/the perfect pair/the way I spoke/the way things go/tired/together/Tinkerbell is overrated
84%
A A night to remember/angel/angry song/Apple Cider/animal noises/are you sure/art class
79%
G get along/glue song/girl song
72%
D dance with me/death bed/disappear/don't get the deal/dye it red
67%
S see you soon/she plays bass/silver into rain/Soren/sorry/space cadet/sunny day/speed dial/sun more often
67%
R ripples/real man/rang me back
53%
E eighteen/eleanor & park/emo song/everest
51%
H he gets me so high/home alone/horen sarrison/how was your day?/hurry home
49%
I I wish I was Steven malkmus/if you want to/its only a pepper moon/iscream
44%
L last day on earth/lovesong
40%
Y yoshimi,forest, Magdalene/you lie all the time/you're here that's the thing
40%
F fairy song/fall in love with a girl/fear of flying/first date/further away
35%
W winter wonderland/worth it
30%
O older kid/one time
26%
P pictures of us/post
26%
Q quit
5%
N nickelodeon/No punctuation song
2%
M make it up to you/maniac/Mars/meow/Milk/migraine
0%
U used to this
0%
No matching quizzes found
Score Distribution
Percent of People with Each Score
Percentile by Number Answered
Your Score History
You have not taken this quiz